000
00279nam a2200109 a 4500
005
20140414132119.0
008
090223s19uu xx 00 eng d
050
_a
M 809.83
_b
G76 1992
100
_a
Grahame, Kenneth
245
_a
The wind in the willows treasury.
999
_c
115014
_d
115014